Biggest U.S. Cities Starting with Z - Statistics

General Stats
  • This quiz has been taken 4,441 times
    4,029 since last reset
  • The average score is 3 of 8
Answer Stats
State Population City % Correct
Illinois 24,494 Zion
64%
Ohio 24,721 Zanesville
50%
Florida 18,154 {Zephyr}hills
40%
Indiana 31,702 Zionsville
33%
Louisiana 20,007 Zachary
25%
North Carolina 7,974 Zebulon
14%
Minnesota 6,395 Zimmerman
13%
Michigan 5,694 Zeeland
12%
No matching quizzes found
Score Distribution
Percent of People with Each Score
Percentile by Number Answered
Your Score History
You have not taken this quiz since the last reset